Arte de Videojuegos: Da forma a tus sueños.

Guardat en:
Dades bibliogràfiques
Autor principal: González, Daniel (autor)
Altres autors: Iglesia, Eduardo de la (prólogo)
Format: Llibre
Publicat: Madrid, España: Ra-Ma, 2014.
Matèries:
Accés en línia:Disponible Online
Etiquetes: Afegir etiqueta
Sense etiquetes, Sigues el primer a etiquetar aquest registre!

MARC

LEADER 00000nam a22000007a 4500
003 CL-VaPUC
005 20250416103453.0
008 250130t2014 ||||| |||| 00| 0 eng d
999 |c 446949  |d 446947 
020 |a 978-84-9964-276-5 
020 |a 9788499644493  |q (electronic bk.) 
040 |c Pontificia Universidad Católica de Valparaíso 
082 |a 794.8 GON 2014 
100 |9 896022  |a González, Daniel  |e autor 
245 |a Arte de Videojuegos:  |b Da forma a tus sueños. 
260 |a Madrid, España:  |b Ra-Ma,  |c 2014. 
300 |a 153 páginas:  |b ilustraciones. 
500 |a c.1-c.2. e-book. Instituto Arcos.08-01-2025. 
583 |c 20250130  |k Gabriela Rodríguez Cuevas 
588 0 |a Online resource; title from PDF title page (Digitalia, viewed May 2, 2022). 
590 |a Added to collection customer.56279.3 
650 0 |9 858730  |a Videojuegos   |x Diseño  
650 0 |9 536738  |a Videojuegos  |x Estilo artístico  |x Ilustraciones 
700 |9 896023  |a Iglesia, Eduardo de la   |e prólogo 
856 4 0 |3 EBSCOhost  |u https://pucv.idm.oclc.org/login?url=https://search.ebscohost.com/login.aspx?direct=true&scope=site&db=nlebk&db=nlabk&AN=2498172  |y Disponible Online 
942 |2 ddc  |c BK  |n 0 
952 |0 0  |1 0  |2 ddc  |4 0  |6 794_800000000000000_GON_2014  |7 0  |8 A  |9 600182  |a BIBINC  |b BIBINC  |d 2025-01-30  |e Instituto Arcos  |i 5665120  |o 794.8 GON 2014  |p 5665120  |r 2025-01-30  |t 1  |w 2025-01-30  |y BK  |k IFP 
952 |0 0  |1 0  |2 ddc  |4 0  |6 794_800000000000000_GON_2014  |7 0  |8 A  |9 600183  |a BIBINC  |b BIBINC  |d 2025-01-30  |e Instituto Arcos  |i 5665121  |o 794.8 GON 2014  |p 5665121  |r 2025-01-30  |t 2  |w 2025-01-30  |y BK  |k IFP 
952 |0 0  |1 0  |2 ddc  |4 0  |6 794_800000000000000_GON_2014  |7 5  |8 A  |9 602508  |a BIBINC  |b BIBINC  |c ONLINE  |d 2025-04-16  |e Instituto Arcos   |i 446949  |o 794.8 GON 2014  |p 446949  |r 2025-04-16  |w 2025-04-16  |y EBK  |k IFP